The Fifth Report: (Record no. 18091)
[ view plain ]
| 000 -LEADER | |
|---|---|
| fixed length control field | 00570nam a22001697a 4500 |
| 003 - CONTROL NUMBER IDENTIFIER | |
| control field | BDDh-ASL |
| 005 - DATE AND TIME OF LATEST TRANSACTION | |
| control field | 20231015025700.0 |
| 008 - FIXED-LENGTH DATA ELEMENTS--GENERAL INFORMATION | |
| fixed length control field | 200919q18121883enk||||| |||| 00| 0 eng d |
| 040 ## - CATALOGING SOURCE | |
| Original cataloging agency | BDDh-ASL |
| Transcribing agency | BDDh-ASL |
| Modifying agency | BDDh-ASL |
| 082 ## - DEWEY DECIMAL CLASSIFICATION NUMBER | |
| Classification number | 954.03 |
| Item number | FIF |
| 110 ## - MAIN ENTRY--CORPORATE NAME | |
| 9 (RLIN) | 928 |
| Corporate name or jurisdiction name as entry element | Bengal Presidency |
| 245 04 - TITLE STATEMENT | |
| Title | The Fifth Report: |
| Remainder of title | from the select committee on the affairs of the East India Company, Vol. -1/ |
| 260 ## - PUBLICATION, DISTRIBUTION, ETC. | |
| Place of publication, distribution, etc. | Madras: |
| Name of publisher, distributor, etc. | Higginbotham and Co. , |
| Date of publication, distribution, etc. | 1883. |
| 300 ## - PHYSICAL DESCRIPTION | |
| Extent | v-1, x, 841 p. : |
| Dimensions | 25 cm. |
| 650 #0 - SUBJECT ADDED ENTRY--TOPICAL TERM | |
| 9 (RLIN) | 929 |
| Topical term or geographic name entry element | East India Company Report |
| General subdivision | History |
| Geographic subdivision | India |
| 942 ## - ADDED ENTRY ELEMENTS (KOHA) | |
| Source of classification or shelving scheme | Dewey Decimal Classification |
| Koha item type | Books |
| Withdrawn status | Lost status | Source of classification or shelving scheme | Damaged status | Not for loan | Collection code | Home library | Current library | Shelving location | Date acquired | Source of acquisition | Total Checkouts | Full call number | Barcode | Date last seen | Copy number | Price effective from | Koha item type |
|---|---|---|---|---|---|---|---|---|---|---|---|---|---|---|---|---|---|
| Dewey Decimal Classification | Not For Loan | Non-fiction | Asiatic Society Library | Asiatic Society Library | Harrison Collection | 09/19/2020 | Donated by Prof. John B. Harrison | 954.03 FIF | 101249 | 09/19/2020 | 1 | 09/19/2020 | Books |